000 00763nas a2200253 4500
001 BR7803997
003 BR-BrBNA
005 20231205083458.0
007 ta
008 230509b bl.|||p| |||| 00| 00por d
040 _aBR-BrBNA
_bpor
_cBiblioteca Nacional de Agricultura
041 _a(Pt)
072 _aP05
100 1 _aVasconcelos, L.
245 1 _aAlcool e petroleo lutam por uma lideranca estrategica [Recurso energetico; Industrializacao]
650 _aRecurso energetico
650 _aCombustivel
650 _aAlcool
650 _aPetroleo
650 _aIndustrializacao
773 0 _tAgricultura de Hoje (Brazil)
_xISSN 0100-5707
_g(Dec 1978), v. 4(44) p. 42-44
_wBR7803997
909 _a202311
_bLúcia
_c55
_dLúcia Elande
942 _2AGRIS
_n0
_cANA
999 _c99058
_d99058